000 00639nam a22002177a 4500
003 UA-OsUOA
001 82808
007 ta
008 20120320b un ||||| |||| 00| 0 ukr d
100 _aЧужмир К.
090 _a330(477)
_bЧ-86
942 _cSA
040 _aUA-OsUOA
_bukr
_cUA-OsUOA
_dUA-OsUOA
245 _aВенчурне фінансування інноваційної діяльності в аграрному секторі
300 _aС.48-50
955 _a0
041 _aukr
080 _a330(477)
773 0 _w82800
_tЕкономіст
_dК.
_d2012
_g2
650 7 _a330 Економіка взагалі
_2UDC
999 _c369121
_d369121